| 000 | 00692nam a22002177a 4500 | ||
|---|---|---|---|
| 005 | 20151105115852.0 | ||
| 010 | _aENG-113986 | ||
| 020 |
_c295.00 _a0198082215 |
||
| 020 |
_c295.00 _a9780198082217 |
||
| 035 | _aEN-97518 | ||
| 037 |
_bDBAD/PUB _adpl |
||
| 082 | _a327.54 | ||
| 100 | _aGanguly, Sumit | ||
| 245 |
_aIndian foreign policy / _cby Sumit Ganguly |
||
| 260 |
_aNew Delhi _bOxford University Press _c2015 |
||
| 270 |
_aYMCA Library Building, 1, Jai Singh Road, _bNew Delhi _e110001 |
||
| 300 |
_a210p. _c20cm(pbk) |
||
| 490 | _aOxford India short introductions | ||
| 500 | _aIncludes bibliographical references and index | ||
| 942 |
_2ddc _cEN _mGAN _h327.54 |
||
| 999 |
_c96655 _d96655 |
||